书目信息 |
| 题名: |
焊条的制造和使用
|
|
| 作者: | 朱志俭 编 | |
| 分册: | ||
| 出版信息: | 北京 机械工业出版社 1974 |
|
| 页数: | 146页 | |
| 开本: | 20cm | |
| 丛书名: | ||
| 单 册: | ||
| 中图分类: | TG422 | |
| 科图分类: | ||
| 主题词: | 焊接材料 | |
| 电子资源: | ||
| ISBN: | ||
| 000 | 00553nam0 2200205 450 | |
| 001 | 0633063405 | |
| 005 | 20060418091322.90 | |
| 010 | @dCNY0.37 | |
| 100 | @a20060418d1974 km y0chiy0120 ea | |
| 101 | 0 | @achi |
| 102 | @aCN@b110000 | |
| 102 | @aCN@b110000 | |
| 200 | 1 | @a焊条的制造和使用@Ahan tiao de zhi zao he shi yong@f朱志俭编@Fzhu zhi jian bian |
| 210 | @a北京@c机械工业出版社@d1974 | |
| 215 | @a146页@d20cm | |
| 606 | 0 | @a焊接材料 |
| 690 | @aTG422@v3 | |
| 701 | 0 | @a朱志俭@Azhu zhi jian@4编 |
| 801 | 0 | @aCN@bPFT@c20060418 |
| 905 | @a10447@dTG422@e6 | |
| 焊条的制造和使用/朱志俭编.-北京:机械工业出版社,1974 |
| 146页;20cm |
| ISBN :CNY0.37 |
| ● |
| 相关链接 |
|
|
|
|
正题名:焊条的制造和使用
索取号:TG422/6
 
预约/预借
| 序号 | 登录号 | 条形码 | 馆藏地/架位号 | 状态 | 备注 |
| 1 | 0013433 | 001362929 | 第二样本阅览室/ [索取号:TG422/6] | 在馆 | |
| 2 | 0017238 | 202249101 | 密集书库/ [索取号:TG422/6] | 在馆 |